Pasma górskie w Sudetach. - Statystyki

Ogólne statystyki
  • Ten quiz został rozwiązany 108 razy
  • Średni wynik to 9 z 22
Statystyki odpowiedzi
Kraj Pasmo Górskie % Poprawnych
Polska/Czechy Karkonosze
94%
Polska/Czechy Góry Stołowe
79%
Polska Góry Sowie
75%
Polska/Niemcy/Czechy Góry Izerskie
74%
Polska/Czechy Góry Złote
65%
Polska/Czechy Masyw Śnieżnika
61%
Polska Góry Bardzkie
51%
Polska Góry Kaczawskie
51%
Polska Góry Wałbrzyskie
51%
Polska/Czechy Góry Bystrzyckie
50%
Polska Masyw Ślęży
50%
Polska/Czechy Góry Kamienne
49%
Polska/Czechy Góry Orlickie
46%
Polska Rudawy Janowickie
44%
Polska/Czechy Góry Opawskie
43%
Niemcy/Czechy Góry Łużyckie
21%
Czechy Wysoki Jesionik
12%
Czechy Niski Jesionik
10%
Polska/Czechy Góry Jastrzębie
6%
Czechy Hanusovicka Vrchovina
5%
Czechy Grzbiet Jesztedzko-Kozakowski
4%
Czechy Zabrezska Vrchovina
0%
Nie znaleziono quizów pasujących do podanych kryteriów
Rozkład punktacji
Procent ludzi z każdym wynikiem
Percentyl według liczby udzielonych odpowiedzi
Twoja historia wyników
Nie rozwiązałeś tego quizu